000
00329nam a2200145Ia 4500
008
230718s9999 xx 000 0 und d
041
_a
Eng.
082
_a
330.95
_b
ALR-D
100
_a
Alrubat
245
0
_a
Dharti Ku Jay Ku ay
260
_a
Pakistan
_b
Jhamori Publishers
_c
2015
300
_a
107
650
_a
Law
999
_c
31664
_d
31664